000
00274nam a22000977a 4500
020
_a
978-1394221127
040
_c
NUST
082
_a
624.068
_b
MUB
245
_a
Project Management in the Construction Industry: From Concept to Completion by Saleh A. Mubarak
942
_2
ddc
_c
BK
999
_c
616350
_d
616350